Mayada, hija de Irak / (Registro nro. 14157)

Detalles MARC
000 -LIDER
fixed length control field 01038nam a2200313 4500
001 - NÚMERO DE CONTROL
Identificador de número de control
003 - IDENTIFICACDOR DE NÚMERO DE CONTROL
control field
005 - DATE AND TIME OF LATEST TRANSACTION
control field 20220420135749.0
008 - ELEMENTOS DE LONGITUD FIJA
fixed length control field 050418s2006 mx | ||| ||spa
020 ## - ISBN
International Standard Book Number 9780307274236
040 ## - FUENTE DE CATALOGACIÓN
Agencia que crea de manera original el registro BPMSU
Idioma de catalogación spa
Agencia que realiza la transcripción BPMSU
Convenciones de la despripción
082 ## - NÚMERO DE CLASIFICACIÓN DECIMAL DE DEWEY
Classification number 920.72
Item number S252m 2006
Edition number 22
100 1# - ASIENTO PRINCIPAL -- NOMBRE PERSONAL
Nombre personal Sasson, Jean
Fechas asociadas con el nombre 1947-
Authority record control number
245 10 - MENCIÓN DE TITULO
Título Mayada, hija de Irak /
Mención de responsabilidad Jean Sasson ; traducción de Verónica Canales Medina
Medio (Designación general de material)
246 14 - VARIACION DEL TÍTULO
Título propiamente dicho o título corto Mayada, hija de Irak :
Subtítulo La supervivencia bajo el régimen de Sadam Husein
Despliegue de texto
260 ## - PUBLICACIÓN, DISTRIBUCIÓN, ETC. (PIE DE IMPRENTA)
Lugar de publicación, distribución, etc México :
Nombre del editor, distribuidor, etc. Random House Mondadori,
Fecha de publicación, distribución, etc 2006
300 ## - DESCRIPCIÓN FÍSICA
Extensión 312 p., [8] p. ;
Dimensiones 19 cm
490 0# - MENCIÓN DE SERIES
Mención de serie Best seller ;
Volume/sequential designation 275
590 ## - NOTA LOCAL
Enlace Inventariado, 2022/VM
600 14 - ENCABEZAMIENTO DE MATERIA--NOMBRE PERSONAL
Nombre personal Hussein, Saddam,
Fechas asociadas con el nombre 1937-2006
Fuente del encabezado o término
600 14 - ENCABEZAMIENTO DE MATERIA--NOMBRE PERSONAL
Nombre personal Askari, Mayada
Fechas asociadas con el nombre 1955-
650 #4 - ENCABEZAMIENTO DE MATERIA--TEMÁTICO
Término temático o nombre geográfico como elemento de entrada Represión política
Subdivisión geográfica Irak
Fuente del encabezamiento o término
651 #4 - ENCABEZAMIENTO DE MATERIA--NOMBRE GEOGRÁFICO
Nombre geográfico Aràbia Saudita
Subdivisión temática general Condiciones sociales
651 #4 - ENCABEZAMIENTO DE MATERIA--NOMBRE GEOGRÁFICO
Nombre geográfico Prensa Política
Subdivisión geográfica Irak
Subdivisión temática general Biografía.
Subdivisión de forma
830 #0 - ASIENTO SECUNDARIO DE SERIE--TÍTULO UNIFORME
Título uniforme Bestseller (Barcelona)
Volume number/sequential designation 275/4
910 ## - VALIDACIÓN
Validación VMateo V.
942 ## - ADDED ENTRY ELEMENTS (KOHA)
Source of classification or shelving scheme Dewey Decimal Classification
Koha item type Libros
956 ## - LOCAL ELECTRONIC LOCATION AND ACCESS (OCLC)
Nombre de host 2
Existencias
Withdrawn status Lost status Source of classification or shelving scheme Damaged status Not for loan Collection code Home library Current library Date acquired Total Checkouts Full call number Barcode Date last seen Price effective from Koha item type
    Dewey Decimal Classification     Colección Escolar Biblioteca Pública Metropolitana Salomé Ureña Biblioteca Pública Metropolitana Salomé Ureña 04/20/2022   BPMSU CG 920.72 S252m 2006 BPMSU22040032 04/20/2022 04/20/2022 Libros